[Event "38th Olympiad w"]
[Site "Dresden GER"]
[Date "2008.11.25"]
[Round "11"]
[White "Boric,E"]
[Black "Le Thanh Tu"]
[Result "1/2-1/2"]
[WhiteElo "2292"]
[BlackElo "2324"]
[EventDate "2008.11.13"]

1. e4 e6 2. d4 d5 3. Nd2 dxe4 4. Nxe4 Nd7 5. Nf3 Ngf6 6. Nxf6+ Nxf6 7. Bg5
h6 8. Bh4 Be7 9. Be2 O-O 10. O-O b6 11. Ne5 Bb7 12. Bf3 Bxf3 13. Nxf3 Ne4
14. Bxe7 Qxe7 15. Qe2 Nf6 16. Rad1 Qb4 17. c4 b5 18. b3 bxc4 19. bxc4 Rab8
20. Ne5 Qb2 21. Rd2 Qa3 22. Rd3 Qa4 23. Rg3 Kh8 24. h3 Rbd8 25. Qb2 Rb8 26.
Rb3 Rb6 27. Rb1 Kg8 28. Qc2 Rd8 29. Nf3 Ra6 30. R1b2 Rb6 31. Kh2 Nd7 32.
Qe2 Rdb8 33. Qc2 Rd8 34. Qe2 Rdb8 1/2-1/2

[Event "38th Olympiad w"]
[Site "Dresden GER"]
[Date "2008.11.25"]
[Round "11"]
[White "Pham Le Thao Nguyen"]
[Black "Dengler,D"]
[Result "1-0"]
[WhiteElo "2304"]
[BlackElo "2099"]
[EventDate "2008.11.13"]

1. d4 d5 2. Nf3 Nf6 3. e3 c6 4. c4 a6 5. Qc2 g6 6. Bd3 Bg7 7. b3 Nbd7 8.
Bb2 O-O 9. O-O Re8 10. h3 Nf8 11. Nbd2 Ne6 12. a3 Nd7 13. Rfd1 Ndf8 14.
Rac1 f6 15. Bf1 Bd7 16. g3 Rc8 17. e4 Nc7 18. Bg2 Be6 19. Bc3 Qd7 20. Kh2
Bf7 21. a4 b6 22. Ne1 g5 23. Nd3 Ng6 24. Qb2 h5 25. Re1 h4 26. a5 b5 27.
Nc5 Qd8 28. cxd5 cxd5 29. e5 fxe5 30. dxe5 Ne6 31. Nxe6 Bxe6 32. Nf3 hxg3+
33. fxg3 g4 34. Ng5 Qd7 35. h4 Bh6 36. Qd2 Kg7 37. Bd4 Rxc1 38. Rxc1 Rc8
39. Rd1 Rc6 40. Rf1 Qc8 41. h5 Nf8 42. Be3 Qe8 43. Nxe6+ Rxe6 44. Bxh6+
Rxh6 45. Qg5+ Kh7 46. Qf5+ Kg7 47. Qxg4+ Kh8 48. Kg1 Nh7 49. Bxd5 e6 50.
Bf3 Qe7 51. Rc1 Ng5 52. Rc8+ Kg7 53. Kg2 Rh8 54. Rxh8 Kxh8 55. Qf4 Nxf3 56.
Qxf3 Qd7 57. Qf6+ Kh7 58. Kh3 Qd5 59. h6 Qh1+ 60. Kg4 Qe4+ 61. Qf4 Qg6+ 62.
Kh4 b4 63. g4 Kg8 64. Qg5 Kh8 65. Qf6+ 1-0

[Event "38th Olympiad w"]
[Site "Dresden GER"]
[Date "2008.11.25"]
[Round "11"]
[White "Hoang Thi Bao Tram"]
[Black "Malokas,N"]
[Result "1-0"]
[WhiteElo "2250"]
[BlackElo "1912"]
[EventDate "2008.11.13"]

1. d4 Nf6 2. Nf3 d5 3. e3 e6 4. Bd3 Be7 5. Nbd2 Nbd7 6. b3 O-O 7. Bb2 c6 8.
O-O b6 9. c4 Bb7 10. Rc1 c5 11. cxd5 Bxd5 12. Qe2 cxd4 13. exd4 h6 14. Ne5
Nxe5 15. dxe5 Nd7 16. Bb1 Re8 17. Ne4 Nf8 18. Rfd1 a5 19. Qg4 Kh8 20. Rd3
Nh7 21. Nc3 Bc5 22. h4 f5 23. Qh5 Qd7 24. Rcd1 Qc7 25. Nxd5 exd5 26. Rxd5
Rf8 27. Rd7 Qc6 28. e6 Nf6 29. Qg6 1-0

[Event "38th Olympiad w"]
[Site "Dresden GER"]
[Date "2008.11.25"]
[Round "11"]
[White "Giulian,R"]
[Black "Kopinits,A"]
[Result "0-1"]
[WhiteElo "2032"]
[BlackElo "2270"]
[EventDate "2008.11.13"]

1. e4 c6 2. d4 d5 3. e5 Bf5 4. h4 h5 5. c4 e6 6. Nc3 Be7 7. cxd5 cxd5 8.
Bd3 Bxd3 9. Qxd3 Nc6 10. Nf3 Rc8 11. a3 a6 12. g3 b5 13. Bg5 Qd7 14. Bxe7
Ngxe7 15. O-O Nf5 16. Rac1 Qa7 17. Ne2 g6 18. b4 Ke7 19. Rc5 Nb8 20. Rfc1
Rxc5 21. Rxc5 Nd7 22. Rc3 Nb6 23. Qd2 Nc4 24. Qg5+ Ke8 25. Qc1 Qb6 26. Qc2
Ke7 27. Qc1 Kd7 28. Qf4 Rb8 29. Nc1 a5 30. Nd3 axb4 31. Nc5+ Kc6 32. axb4
Ra8 33. Nd2 Ra2 34. Ndb3 Qd8 35. Rc1 Kb6 36. Rb1 Qc7 37. Qg5 Qe7 38. Qc1
Qd8 39. Ra1 Qa8 40. Qc3 Rxa1+ 41. Nxa1 Qa3 42. Nab3 Qb2 43. Qxb2 Nxb2 44.
Kf1 Ne7 45. Na1 Nc4 46. Nc2 Nc6 47. Ke2 Kc7 48. Nd3 Kd7 49. f4 Ke7 50. Nde1
f6 51. Nf3 Kf7 52. Kd3 Nb2+ 53. Kd2 Ne7 54. Ne3 Nc4+ 55. Nxc4 dxc4 56. Ng1
Nd5 57. Ne2 g5 58. hxg5 fxg5 59. Kc1 gxf4 60. gxf4 Kg6 61. Kd1 Kf5 62. Ke1
Nxf4 63. Nc3 Nd3+ 64. Kf1 Nxb4 65. Nxb5 Ke4 66. Kg2 Nc6 67. Kh3 Nxd4 68.
Nd6+ Kxe5 0-1

[Event "38th Olympiad w"]
[Site "Dresden GER"]
[Date "2008.11.25"]
[Round "11"]
[White "Novkovic,J"]
[Black "Wilman,C"]
[Result "0-1"]
[WhiteElo "2161"]
[BlackElo "2037"]
[EventDate "2008.11.13"]

1. e4 d6 2. d4 Nf6 3. Nc3 g6 4. g3 c6 5. Bg2 Bg7 6. Nge2 O-O 7. h3 Nbd7 8.
O-O e5 9. Be3 Nb6 10. b3 d5 11. dxe5 Nxe4 12. f4 Nxc3 13. Nxc3 f6 14. exf6
Qxf6 15. Bd2 Qd4+ 16. Kh2 Bf5 17. Rc1 Qc5 18. Rf3 d4 19. Qg1 Qd6 20. Ne2
Rfe8 21. Qd1 Be4 22. Rf2 Rad8 23. Qh1 Bxc2 24. Rxc2 d3 25. Rc1 dxe2 26. Be1
Qd3 27. Bf3 Bb2 28. Ba5 Bxc1 29. Qxc1 Qd1 30. Qc5 e1=Q 31. Bxd1 Qxd1 32. f5
Rd5 33. Qc3 Rxf5 34. Bxb6 axb6 35. Qc4+ Qd5 36. Qc2 Rxf2+ 37. Qxf2 Rf8 38.
Qe2 Qf3 39. Qc4+ Qf7 0-1

[Event "38th Olympiad w"]
[Site "Dresden GER"]
[Date "2008.11.25"]
[Round "11"]
[White "Hughes,Rh"]
[Black "Mira,H"]
[Result "1/2-1/2"]
[WhiteElo "1796"]
[BlackElo "2115"]
[EventDate "2008.11.13"]

1. c4 e5 2. Nc3 Nf6 3. g3 d5 4. cxd5 Nxd5 5. Bg2 Nb6 6. Nf3 Nc6 7. d3 Be7
8. a3 a5 9. O-O O-O 10. Be3 Be6 11. Rc1 Nd5 12. Nxd5 Bxd5 13. Bc5 Re8 14.
Bxe7 Rxe7 15. Qa4 Nd4 16. Nxd4 Bxg2 17. Nf5 Bxf1 18. Nxe7+ Qxe7 19. Kxf1
Qd6 20. Qb5 b6 21. Qc6 Qxc6 22. Rxc6 Rc8 23. Kg2 Kf8 24. Kf3 Ke7 25. Ke4 f6
26. h4 Kd7 27. Rc3 c5 28. Rc2 Ke6 29. b4 f5+ 30. Ke3 axb4 31. axb4 Kd5 32.
Rb2 c4 33. dxc4+ Rxc4 34. Kd3 e4+ 35. Ke3 Ke5 36. Rb3 g6 37. Rb2 h6 38. f3
exf3 39. exf3 f4+ 40. Kf2 Kd5 41. gxf4 Rxf4 42. Kg3 Rc4 43. Rd2+ Kc6 44.
Re2 Kd5 45. Rb2 h5 46. Kh3 Kc6 47. Rg2 Rxb4 48. Rxg6+ Kc7 49. Rg5 Rb1 50.
f4 b5 51. f5 Rh1+ 52. Kg2 Rxh4 53. f6 Kc6 54. Rf5 Rg4+ 55. Kh3 Rg8 56. Kh4
Kd6 57. f7 Rf8 58. Rxb5 Rxf7 59. Rxh5 1/2-1/2

[Event "38th Olympiad w"]
[Site "Dresden GER"]
[Date "2008.11.25"]
[Round "11"]
[White "Tsiganova,M"]
[Black "Houska,Jo"]
[Result "1-0"]
[WhiteElo "2208"]
[BlackElo "2399"]
[EventDate "2008.11.13"]

1. d4 d5 2. c4 c6 3. cxd5 cxd5 4. Nc3 Nf6 5. Bf4 Nc6 6. e3 a6 7. Bd3 Bg4 8.
Nge2 e6 9. Rc1 Bd6 10. f3 Bh5 11. Bg5 Bg6 12. e4 dxe4 13. fxe4 Be7 14. d5
exd5 15. Bxf6 Bxf6 16. exd5 Ne5 17. Bxg6 hxg6 18. Ne4 Bh4+ 19. g3 Qa5+ 20.
N2c3 Be7 21. d6 Rd8 22. O-O f5 23. Nd5 fxe4 24. Nc7+ Kd7 25. Qb3 Rde8 26.
Qe6+ Kd8 27. Nxe8 Qb6+ 28. Kh1 Nc6 29. Rxc6 Qxc6 30. Qxe7+ Kc8 31. d7+ 1-0

[Event "38th Olympiad w"]
[Site "Dresden GER"]
[Date "2008.11.25"]
[Round "11"]
[White "Ciuksyte,D"]
[Black "Gansvind,V"]
[Result "1/2-1/2"]
[WhiteElo "2339"]
[BlackElo "2212"]
[EventDate "2008.11.13"]

1. e4 c5 2. Nf3 e6 3. d4 cxd4 4. Nxd4 a6 5. Nc3 Qc7 6. Be2 b5 7. f4 b4 8.
Na4 Bb7 9. Bf3 Nf6 10. Qe2 d6 11. O-O Nc6 12. c3 e5 13. Nf5 g6 14. Ne3 exf4
15. Nd5 Nxd5 16. exd5+ Ne5 17. Bxf4 bxc3 18. Rac1 Bg7 19. Nxc3 Qb6+ 20. Be3
Qd8 21. Ne4 O-O 22. Bg5 f6 23. Bf4 a5 24. Bxe5 dxe5 25. Nc5 Qb6 26. Qf2 Rf7
27. Rfd1 f5 28. d6 Bxf3 29. gxf3 Bh6 30. Rc3 e4 31. Nxe4 Qxf2+ 32. Nxf2 Rd8
33. Ra3 Ra7 34. Rd5 a4 35. b3 Ra6 36. bxa4 Raxd6 37. Rxd6 Rxd6 38. Nd3 Bd2
39. Kf2 Kg7 40. Ke2 Ba5 41. f4 Rd4 42. Kf3 h6 43. Nc5 Rc4 44. Nd3 Rd4 45.
Ne5 g5 46. fxg5 hxg5 47. Nc6 Rh4 48. Kg2 Bc7 49. h3 Rc4 50. Ne7 Rc2+ 51.
Kf3 Rc5 52. Rb3 Kf6 53. Nc8 Rc2 54. Nb6 Bxb6 55. Rxb6+ Ke5 56. Rb5+ Ke6 57.
Rb6+ Ke5 1/2-1/2

[Event "38th Olympiad w"]
[Site "Dresden GER"]
[Date "2008.11.25"]
[Round "11"]
[White "Bashkite,V"]
[Black "Lauterbach,I"]
[Result "1-0"]
[WhiteElo "2129"]
[BlackElo "2178"]
[EventDate "2008.11.13"]

1. e4 g6 2. d4 Bg7 3. Nc3 d6 4. h3 a6 5. a4 b6 6. Nge2 e6 7. g4 Bb7 8. Bg2
Ne7 9. Be3 h5 10. g5 Nbc6 11. Qd2 Na5 12. b3 Qd7 13. O-O O-O 14. Rad1 Rad8
15. Nf4 d5 16. Qd3 c6 17. Qe2 c5 18. e5 Qc7 19. Na2 Nf5 20. Nd3 c4 21. Ndc1
b5 22. b4 Nc6 23. a5 Rb8 24. c3 Rfc8 25. Qc2 Bf8 26. Ne2 Qd8 27. Bc1 Be7
28. f4 Bf8 29. Kh2 Nce7 30. Bd2 Nc6 31. Nac1 Qc7 32. Ng3 Nxg3 33. Kxg3 Nxd4
34. cxd4 c3 35. Nd3 cxd2 36. Nc5 Bxc5 37. dxc5 d4 38. Qxd2 Bxg2 39. Qxg2
Rd8 40. Qe4 d3 41. Rf3 d2 42. Kf2 Qd7 43. Ke3 Qe7 44. Rf2 Rd5 45. Rfxd2
Rxd2 46. Rxd2 Rd8 47. Rd6 Rxd6 48. exd6 Qd7 49. Kd4 Kh7 50. Ke5 Qd8 51. Kd4
Qh8+ 52. Qe5 Qa8 53. d7 Qg2 54. Qe4 Qb2+ 55. Ke3 Qc1+ 56. Ke2 Qb2+ 57. Kf3
Qb3+ 58. Kf2 Qb2+ 59. Kg3 Qc3+ 60. Qf3 Qe1+ 61. Qf2 Qc3+ 62. Kh2 Qd3 63. c6
Kg8 64. c7 Qxd7 65. Qc2 Qc8 66. Qc5 Kg7 67. Qe7 e5 68. Qf6+ Kh7 69. Qxf7+
Kh8 70. Qf6+ Kh7 71. Qe7+ 1-0

[Event "38th Olympiad w"]
[Site "Dresden GER"]
[Date "2008.11.25"]
[Round "11"]
[White "Fuchs,Ju"]
[Black "Cmilyte,V"]
[Result "1/2-1/2"]
[WhiteElo "2238"]
[BlackElo "2512"]
[EventDate "2008.11.13"]

1. e4 e5 2. Bc4 Nc6 3. Nf3 Bc5 4. c3 Nf6 5. d3 a6 6. Bb3 Ba7 7. O-O d6 8.
Nbd2 O-O 9. Nc4 h6 10. Re1 Re8 11. Ne3 Be6 12. h3 d5 13. Qc2 Qd7 14. Nf1
Rad8 15. Ng3 b5 16. Be3 Bxe3 17. Rxe3 d4 18. Bxe6 Rxe6 19. cxd4 exd4 20.
Ree1 Nb4 21. Qb3 c5 22. Rac1 Qe7 23. Nf5 Qf8 24. Nd2 g6 25. Ng3 a5 26. a4
bxa4 27. Qa3 h5 28. Red1 h4 29. Ne2 Qe7 30. Nf4 Ra6 31. Nf3 g5 32. Ne2 Nd7
33. Qxa4 Kh8 34. Qb5 Rb8 35. Qc4 Rf6 36. Nxg5 Rxf2 37. Rf1 Rxf1+ 38. Rxf1
Qxg5 39. Rf5 Qg7 40. Nf4 Ne5 41. Qxc5 Nbxd3 42. Nxd3 Nxd3 43. Qxa5 Re8 44.
Rh5+ Kg8 45. Rg5 Ne5 46. Rxg7+ Kxg7 47. Qd2 d3 48. Qg5+ Ng6 49. Qd5 Ne5 50.
b4 f6 51. Kf2 Re7 52. Ke1 Rd7 53. Qe6 Rd4 54. b5 d2+ 55. Kd1 Nc4 56. Qe7+
Kg6 57. Qe8+ Kg7 58. Qe7+ Kg6 59. Qe8+ Kg5 60. Qg8+ Kf4 61. Qg4+ Ke5 62.
Qf5+ Kd6 63. Qxf6+ Kc5 64. Qe7+ Rd6 65. Qc7+ Kxb5 66. Qxd6 Nxd6 67. Kxd2
Nxe4+ 68. Ke3 Ng3 69. Kf3 Nf1 70. Ke4 1/2-1/2

[Event "38th Olympiad w"]
[Site "Dresden GER"]
[Date "2008.11.25"]
[Round "11"]
[White "Daulyte,D"]
[Black "Schoene,Mar"]
[Result "0-1"]
[WhiteElo "2278"]
[BlackElo "2198"]
[EventDate "2008.11.13"]

1. e4 c5 2. Nf3 d6 3. d4 cxd4 4. Nxd4 Nf6 5. Nc3 g6 6. Be3 Bg7 7. f3 Nc6 8.
Qd2 O-O 9. Bc4 Bd7 10. h4 h5 11. O-O-O Rc8 12. Bb3 Nxd4 13. Bxd4 b5 14. Nd5
Nxd5 15. Bxg7 Kxg7 16. exd5 a5 17. a3 b4 18. axb4 axb4 19. Qxb4 Rc5 20. g4
Qa8 21. Qd4+ Kg8 22. gxh5 Rb8 23. Kd2 Rxb3 24. Qxc5 dxc5 25. cxb3 Qxd5+ 26.
Kc1 Qxf3 27. Rhf1 Qe3+ 28. Kb1 Bf5+ 29. Ka2 Qe2 30. b4 cxb4 31. hxg6 Qc4+
0-1

[Event "38th Olympiad w"]
[Site "Dresden GER"]
[Date "2008.11.25"]
[Round "11"]
[White "Mader,Ma"]
[Black "Limontaite,S"]
[Result "1-0"]
[WhiteElo "2132"]
[BlackElo "2197"]
[EventDate "2008.11.13"]

1. e4 c5 2. c3 Nf6 3. e5 Nd5 4. Nf3 Nc6 5. Bc4 Nb6 6. Bb3 g6 7. d4 cxd4 8.
cxd4 Bg7 9. O-O O-O 10. Re1 d5 11. h3 Bf5 12. Nc3 Rc8 13. Bf4 Na5 14. Qc1
Re8 15. Bh6 Bh8 16. Qf4 Nbc4 17. Na4 b6 18. Bd1 Nb7 19. e6 Bxe6 20. Ng5 Qd6
21. Nxe6 fxe6 22. Bg4 Nd8 23. Qc1 Bxd4 24. b3 Qb4 25. Qd1 Na3 26. Rc1 Rxc1
27. Bxc1 Nb5 28. Qe2 e5 29. Bd7 Rf8 30. Rf1 Nc7 31. Bh6 Rf7 32. Nb2 Qd6 33.
Bg4 e4 34. Nd1 Nce6 35. Ne3 Nf4 36. Qc2 Bg7 37. Bxf4 Rxf4 38. Qc8 Rf8 39.
Rd1 e6 40. Nc4 Qf4 41. Bxe6+ Nxe6 42. Qxe6+ Kh8 43. Rxd5 Qxf2+ 44. Kh2 Qf4+
45. Kh1 Qg3 46. Rd1 b5 47. Qd6 Qc3 48. Na3 e3 49. Nxb5 Qa5 50. Qd3 Bf6 51.
Nd6 Qc5 52. Ne4 Qe5 53. Rf1 Kg7 54. Qxe3 Be7 55. Rxf8 Kxf8 56. Qf3+ Kg7 57.
Qc3 Qxc3 58. Nxc3 Bc5 59. g4 Kf7 60. Kg2 Ke6 61. Kf3 Ke5 62. Ne4 Bb6 63.
Ng5 h5 64. gxh5 gxh5 65. Ne4 Bd8 66. Ng3 h4 67. Ne2 Bb6 68. Kg4 Bd8 69. Nf4
a5 70. a3 Ke4 71. b4 a4 72. Ne6 Bf6 73. Nc5+ Kd5 74. Nxa4 Kc4 75. Nb6+ Kb3
76. Nd5 Bd8 77. Kf5 Ka4 78. Ke6 Bg5 79. Kd6 Bd2 80. Kc6 Kxa3 81. b5 Be1 82.
b6 Bf2 83. b7 Ba7 84. Ne7 Bb8 85. Nf5 Kb4 86. Nxh4 Kc4 87. Nf5 Kd3 88. Kd5
1-0

[Event "38th Olympiad w"]
[Site "Dresden GER"]
[Date "2008.11.25"]
[Round "11"]
[White "Sarakauskiene,Z"]
[Black "Endress,A"]
[Result "1-0"]
[WhiteElo "2188"]
[BlackElo "2067"]
[EventDate "2008.11.13"]

1. e4 c5 2. Nf3 e6 3. d4 cxd4 4. Nxd4 a6 5. Bd3 Bc5 6. Nb3 Be7 7. O-O d6 8.
Qe2 Nf6 9. Nc3 Qc7 10. f4 O-O 11. e5 Nfd7 12. exd6 Bxd6 13. Ne4 Be7 14. Qh5
g6 15. Qh6 Rd8 16. Bd2 Bf8 17. Qh4 Bg7 18. Rae1 Nc6 19. Re3 Nd4 20. Rh3 h5
21. Nxd4 Bxd4+ 22. Kh1 f5 23. Qe7 fxe4 24. Qxe6+ Kg7 25. Qe7+ Kg8 26. Bxe4
Bf6 27. Bd5+ Kh8 28. Qf7 Qxc2 29. f5 Qxd2 30. fxg6 Qh6 31. Rxh5 1-0

[Event "38th Olympiad w"]
[Site "Dresden GER"]
[Date "2008.11.25"]
[Round "11"]
[White "Vasquez Ramirez,R"]
[Black "Petrenko,S"]
[Result "1-0"]
[WhiteElo "2284"]
[BlackElo "2285"]
[EventDate "2008.11.13"]

1. e4 c5 2. Nf3 d6 3. d4 cxd4 4. Nxd4 Nf6 5. Nc3 a6 6. Bg5 Nbd7 7. Qd2 e6
8. f4 Qc7 9. O-O-O b5 10. a3 Bb7 11. Bxf6 Nxf6 12. Bd3 Be7 13. g4 Nd7 14.
Rhe1 O-O 15. g5 Nc5 16. h4 Rfd8 17. f5 e5 18. Nf3 d5 19. exd5 Bxd5 20. Nxe5
f6 21. Kb1 fxe5 22. Nxd5 Qb7 23. Nxe7+ Qxe7 24. Qc3 Nxd3 25. Rxd3 Rxd3 26.
Qxd3 Re8 27. Qe4 Qd6 28. h5 Qd8 29. Qc6 Kf8 30. Qc5+ Qe7 31. Rxe5 Qxc5 32.
Rxc5 Re1+ 33. Ka2 Rh1 34. Rc8+ Ke7 35. Rc7+ Kd6 36. Rxg7 Rxh5 37. f6 a5 38.
a4 b4 39. Kb3 Rh4 40. Ra7 Rh3+ 41. Kc4 Rh2 42. Kd3 Rh3+ 43. Ke4 Rh2 44.
Rxa5 Rxc2 45. Rf5 1-0

[Event "38th Olympiad w"]
[Site "Dresden GER"]
[Date "2008.11.25"]
[Round "11"]
[White "Smokina,K"]
[Black "Moncayo Romero,E"]
[Result "1/2-1/2"]
[WhiteElo "2235"]
[BlackElo "2142"]
[EventDate "2008.11.13"]

1. d4 c5 2. d5 f5 3. g3 Nf6 4. Bg2 g6 5. b3 Bg7 6. Bb2 d6 7. Nh3 Na6 8. O-O
O-O 9. Nf4 Nc7 10. h4 Rb8 11. a4 e5 12. dxe6 Nxe6 13. e3 Nxf4 14. exf4 Re8
15. Na3 Ne4 16. Bxg7 Kxg7 17. c4 a6 18. Nc2 Qf6 19. Qd3 Bd7 20. Rad1 Bc6
21. Ne3 Re6 22. Kh2 Rbe8 23. Nd5 Bxd5 24. cxd5 R6e7 25. Rc1 Qf7 26. a5 Nf6
27. Bf3 h5 28. Kg2 Ne4 29. Rc4 Kf8 30. Rb1 Qg7 31. Qc2 1/2-1/2

[Event "38th Olympiad w"]
[Site "Dresden GER"]
[Date "2008.11.25"]
[Round "11"]
[White "Heredia Serrano,C"]
[Black "Partac,E"]
[Result "0-1"]
[WhiteElo "2105"]
[BlackElo "2168"]
[EventDate "2008.11.13"]

1. e4 c5 2. Nf3 Nc6 3. d4 cxd4 4. Nxd4 g6 5. c4 Bg7 6. Be3 Nf6 7. Nc3 O-O
8. Be2 d6 9. O-O Bd7 10. Qd2 Nxd4 11. Bxd4 Bc6 12. Bd3 a5 13. Rfe1 Nd7 14.
Bxg7 Kxg7 15. Re3 h5 16. Be2 Rh8 17. f4 Qb6 18. Kh1 Nf6 19. Re1 Qc5 20. Nd5
Bxd5 21. exd5 Rae8 22. b3 b5 23. Bf3 bxc4 24. Rc3 Ng4 25. Bxg4 hxg4 26. f5
Rh5 27. Rxc4 Qb5 28. fxg6 f6 29. Rxg4 Rxd5 30. Qf2 Rf5 31. Qh4 Rf1+ 0-1

[Event "38th Olympiad w"]
[Site "Dresden GER"]
[Date "2008.11.25"]
[Round "11"]
[White "Bulmaga,I"]
[Black "Rojas Solano,J"]
[Result "1-0"]
[WhiteElo "2287"]
[BlackElo "1959"]
[EventDate "2008.11.13"]

1. e4 c5 2. Nf3 e6 3. d3 d6 4. g3 Nf6 5. Bg2 Nc6 6. O-O Be7 7. Qe2 O-O 8.
c3 Qc7 9. d4 d5 10. e5 Nd7 11. h4 b6 12. Bf4 a5 13. Rd1 Ba6 14. Qe3 Rfc8
15. a3 b5 16. h5 b4 17. h6 Nb6 18. Nbd2 Na4 19. axb4 Nxb2 20. Rdb1 cxd4 21.
Nxd4 Nxd4 22. cxd4 Nc4 23. Nxc4 Bxc4 24. bxa5 Rxa5 25. Rxa5 Qxa5 26. hxg7
Kxg7 27. Bh6+ Kg6 28. Rb7 Qa3 29. Qf4 f5 30. exf6 Bxf6 31. Qg4+ Kxh6 32.
Qh3+ 1-0

[Event "38th Olympiad w"]
[Site "Dresden GER"]
[Date "2008.11.25"]
[Round "11"]
[White "Shabanaj,E"]
[Black "Ortiz,Na"]
[Result "0-1"]
[WhiteElo "2093"]
[BlackElo "2230"]
[EventDate "2008.11.13"]

1. d4 Nf6 2. c4 g6 3. Nc3 Bg7 4. e4 d6 5. f3 O-O 6. Be3 e5 7. d5 c6 8. Bd3
cxd5 9. cxd5 Nh5 10. Nge2 f5 11. Qd2 a6 12. a4 Nd7 13. b4 Nf4 14. O-O Nxd3
15. Qxd3 f4 16. Bf2 g5 17. g4 fxg3 18. hxg3 Nf6 19. Kg2 Qe8 20. Rh1 h5 21.
Rag1 Bd7 22. a5 Rc8 23. Be3 Qg6 24. Rh2 g4 25. f4 Nxe4 26. Nxe4 Bf5 27.
N2c3 Rxc3 28. Nf6+ Bxf6 29. Qxc3 exf4 30. Bd4 Be4+ 31. Kf2 fxg3+ 32. Kxg3
h4+ 0-1

[Event "38th Olympiad w"]
[Site "Dresden GER"]
[Date "2008.11.25"]
[Round "11"]
[White "Chirivi C,Y"]
[Black "Pasku,R"]
[Result "1-0"]
[WhiteElo "2175"]
[BlackElo "1883"]
[EventDate "2008.11.13"]

1. d4 Nf6 2. c4 g6 3. Nc3 Bg7 4. e4 d6 5. f3 O-O 6. Be3 Nc6 7. Qd2 e5 8. d5
Nd4 9. Nge2 Nxe2 10. Bxe2 h6 11. O-O-O Kh7 12. g4 Nd7 13. h4 b6 14. Rh2 a5
15. Kb1 Nc5 16. Rdh1 f5 17. h5 f4 18. hxg6+ Kxg6 19. Bf2 Rh8 20. Qd1 Bd7
21. Qf1 Kf7 22. Rh5 Qf6 23. Nb5 Rac8 24. Na7 Rcg8 25. Nc6 Qg6 26. Bxc5 bxc5
27. Nxa5 Ra8 28. Nb3 Ra7 29. g5 Raa8 30. gxh6 Rxh6 31. Rxh6 Bxh6 32. Qg1
Bg5 33. Qh2 Rg8 34. Qh7+ Qxh7 35. Rxh7+ Rg7 36. Rxg7+ Kxg7 37. Kc1 Kg6 38.
Kd2 Kh5 39. Na5 Kh4 40. Nc6 Kg3 41. a4 Bc8 42. a5 Bb7 43. Nb8 Bd8 44. a6
Ba8 45. Bd1 Kf2 46. Nc6 Bh4 47. a7 Bg5 48. Nb8 c6 49. Nxc6 Bh4 50. b4 cxb4
51. Nxb4 Bd8 52. Nd3+ Kg2 53. c5 dxc5 54. Nxe5 Bb6 55. d6 Bxa7 56. d7 Bb6
57. Nf7 Ba5+ 58. Kd3 Kf2 59. d8=Q c4+ 60. Kxc4 Bxd8 61. Nxd8 Ke3 62. e5 Kd2
63. e6 Kxd1 64. e7 Bxf3 65. e8=Q Be2+ 66. Kd4 1-0

[Event "38th Olympiad w"]
[Site "Dresden GER"]
[Date "2008.11.25"]
[Round "11"]
[White "Shabanaj,A"]
[Black "Mateus,Mar"]
[Result "0-1"]
[WhiteElo "1990"]
[BlackElo "2138"]
[EventDate "2008.11.13"]

1. d4 d5 2. c4 e6 3. Nf3 c5 4. cxd5 exd5 5. e3 Nc6 6. Nc3 Nf6 7. Be2 h6 8.
O-O Be6 9. b3 Be7 10. Bb2 O-O 11. Rc1 cxd4 12. Nxd4 Rc8 13. Bf3 Ne5 14. h3
Qd7 15. Kh1 Bxh3 16. gxh3 Qxh3+ 17. Kg1 Nfg4 18. Bxg4 Nxg4 19. Nf3 Bd6 20.
Qxd5 Bh2+ 21. Kh1 Rc5 22. Qxb7 Bb8+ 23. Kg1 Rh5 0-1

[Event "38th Olympiad w"]
[Site "Dresden GER"]
[Date "2008.11.25"]
[Round "11"]
[White "Franco Valencia,B"]
[Black "Driza,A"]
[Result "1-0"]
[WhiteElo "2172"]
[BlackElo "1959"]
[EventDate "2008.11.13"]

1. e4 e5 2. Nf3 Nc6 3. Bb5 a6 4. Ba4 Nf6 5. d4 exd4 6. O-O b5 7. Bb3 Nxe4
8. Nxd4 Ne7 9. Bxf7+ Kxf7 10. Qf3+ Kg8 11. Qxe4 d5 12. Qe2 c5 13. Ne6 Qd6
14. Nxf8 Kxf8 15. Bg5 Bb7 16. Re1 Re8 17. Qf3+ Kg8 18. Qh5 g6 19. Qf3 Kg7
20. Bf4 Nf5 21. Nd2 Qf6 22. c3 Rhf8 23. Qg4 h5 24. Qg5 Qxg5 25. Bxg5 d4 26.
Nb3 dxc3 27. bxc3 c4 28. Nc5 Bc8 29. f3 Rd8 30. Bxd8 Rxd8 31. Rad1 Rxd1 32.
Rxd1 Ne3 33. Rd8 Bf5 34. Kf2 Nc2 35. Nxa6 Na3 36. Ke3 Bb1 37. Nb4 Nc2+ 38.
Nxc2 Bxc2 39. Kd4 Bb1 40. a3 Bc2 41. Kc5 Ba4 42. Rb8 Kf6 43. Rxb5 1-0

[Event "38th Olympiad w"]
[Site "Dresden GER"]
[Date "2008.11.25"]
[Round "11"]
[White "Umarova,S"]
[Black "Sukandar,I"]
[Result "0-1"]
[WhiteElo "1836"]
[BlackElo "2303"]
[EventDate "2008.11.13"]

1. e4 c5 2. f4 d5 3. Bb5+ Bd7 4. Bxd7+ Qxd7 5. exd5 Nf6 6. c4 e6 7. Qe2 Bd6
8. dxe6 fxe6 9. Nh3 O-O 10. O-O Nc6 11. d3 Nd4 12. Qd1 Rae8 13. Nc3 e5 14.
fxe5 Bxe5 15. Bf4 Nc6 16. Bxe5 Nxe5 17. Nf4 Qd4+ 18. Kh1 Nfg4 19. Nce2 Qd6
20. d4 Ng6 21. Qd2 cxd4 22. h3 Ne3 23. Rf3 Nxf4 24. Nxd4 Nfxg2 25. Rg1 Rxf3
26. Nxf3 Qc6 0-1

[Event "38th Olympiad w"]
[Site "Dresden GER"]
[Date "2008.11.25"]
[Round "11"]
[White "Lindiawati,E"]
[Black "Antonova,N"]
[Result "1-0"]
[WhiteElo "2121"]
[BlackElo "1827"]
[EventDate "2008.11.13"]

1. e4 c5 2. Nf3 d6 3. d4 cxd4 4. Nxd4 Nf6 5. Nc3 Nc6 6. Be2 e6 7. O-O Be7
8. Kh1 O-O 9. f4 Bd7 10. Be3 Nxd4 11. Bxd4 Bc6 12. Bd3 Qb8 13. e5 Ne8 14.
Qh5 g6 15. Qh6 f5 16. exf6 Bxf6 17. Bxf6 Nxf6 18. Rae1 Qc8 19. Qh3 Nh5 20.
Qg4 Qd7 21. Ne4 Bxe4 22. Bxe4 Nf6 23. Qf3 Rac8 24. Bd3 b5 25. Qe2 Nd5 26.
Bxb5 Qb7 27. Ba6 Rxc2 28. Bxb7 1-0

[Event "38th Olympiad w"]
[Site "Dresden GER"]
[Date "2008.11.25"]
[Round "11"]
[White "Kadek,I"]
[Black "Odinaeva,S"]
[Result "1-0"]
[WhiteElo "1859"]
[BlackElo "1765"]
[EventDate "2008.11.13"]

1. e4 e6 2. d4 d5 3. Nd2 c5 4. exd5 exd5 5. Ngf3 Nf6 6. Bb5+ Bd7 7. Bxd7+
Nbxd7 8. O-O Be7 9. Re1 O-O 10. Nf1 Bd6 11. Bg5 Qc7 12. Bh4 c4 13. Bg3 Ne4
14. Bxd6 Qxd6 15. Ng3 Nxg3 16. hxg3 Rae8 17. c3 Nf6 18. Qc2 Ne4 19. Ne5 Qc7
20. Re2 Re6 21. Rae1 Rh6 22. Qc1 f6 23. Ng4 Rh5 24. Ne3 Kh8 25. Nxd5 Nxg3
26. fxg3 Rxd5 27. Re8 Rd8 28. Rxd8 Rxd8 29. Qe3 Qd7 30. Qe6 Qxe6 31. Rxe6
Kg8 32. Re7 Rb8 33. Rc7 b5 34. Rxa7 b4 35. Rc7 bxc3 36. bxc3 Rb1+ 37. Kf2
Rb2+ 38. Kf3 Rxa2 39. Rxc4 Kf7 40. Rc7+ Kf8 41. d5 h5 42. c4 g6 43. d6 Rd2
44. c5 Rd5 45. d7 Ke7 46. c6 1-0

[Event "38th Olympiad w"]
[Site "Dresden GER"]
[Date "2008.11.25"]
[Round "11"]
[White "Berend,E"]
[Black "Shamima,A"]
[Result "1-0"]
[WhiteElo "2328"]
[BlackElo "2094"]
[EventDate "2008.11.13"]

1. e4 c5 2. Nf3 Nc6 3. Bb5 g6 4. O-O Bg7 5. Re1 e6 6. Bxc6 dxc6 7. e5 Qc7
8. d3 Ne7 9. Nc3 b6 10. Ne4 h6 11. Nd6+ Kf8 12. Bd2 Nf5 13. Nc4 Ba6 14. Ne3
Nxe3 15. Bxe3 Rd8 16. Qc1 Rd5 17. b3 Kg8 18. Bf4 Qe7 19. Qa3 Bc8 20. Rad1
g5 21. Bg3 b5 22. c4 Rd7 23. Qc1 Kh7 24. Qe3 Rhd8 25. h4 bxc4 26. Qe4+ Kg8
27. Qxc4 Rd5 28. hxg5 hxg5 29. Re4 R8d7 30. Rg4 Qd8 31. Rxg5 Rxd3 32. Rxd3
Rxd3 33. Qg4 Qf8 34. Bf4 Rd1+ 35. Kh2 Rd5 36. Qg3 Ba6 37. Rg4 Bd3 38. Bg5
Rd7 39. Bf6 Bg6 40. Rh4 Bxf6 41. exf6 Qd8 42. Ne5 Rd3 43. Nxd3 Qxd3 44.
Qb8+ 1-0

[Event "38th Olympiad w"]
[Site "Dresden GER"]
[Date "2008.11.25"]
[Round "11"]
[White "Khan,N"]
[Black "Wagener,A"]
[Result "0-1"]
[WhiteElo "1987"]
[BlackElo "2246"]
[EventDate "2008.11.13"]

1. d4 f5 2. g3 Nf6 3. Nf3 g6 4. Bg2 Bg7 5. c3 O-O 6. Ne5 e6 7. Bg5 d6 8.
Nd3 h6 9. Bxf6 Qxf6 10. Qb3 c6 11. Nd2 Kh7 12. Nc4 Rd8 13. Qa3 Na6 14. O-O
Nc7 15. Qb3 Qe7 16. Qc2 e5 17. dxe5 dxe5 18. e4 f4 19. gxf4 exf4 20. Nxf4
Qf7 21. Nxg6 Qxg6 22. f4 Bh3 23. Ne3 Bxg2 24. Nxg2 Kh8 25. Rf3 Re8 26. Re1
Rad8 27. Rg3 Qf7 28. Nh4 Ne6 29. Ng6+ Kg8 30. f5 Nf8 31. e5 Nxg6 32. Rxg6
Kh8 33. f6 Bf8 34. b4 Rd5 35. Re3 Rdxe5 36. Reg3 Re1+ 37. Kf2 R1e4 38. Qa4
Re2+ 39. Kf3 R8e3+ 40. Kf4 Bd6+ 0-1